| 000 | 00844nab a2200253uu 4500 | ||
|---|---|---|---|
| 001 | 13856 | ||
| 003 | HDC | ||
| 007 | cr aa aaaau | ||
| 008 | 210213p2004 my ||||| |||| 00| 0 eng d | ||
| 040 | _aHDC | ||
| 100 |
_aPalmquist, D.L. _eauthor _914532 |
||
| 245 | 0 |
_aPalm Fats for Livestock Feeding / by _cD.L. Palmquist |
|
| 260 |
_aKuala Lumpur : _bMalaysian Palm Oil Board, _c2004 |
||
| 300 | _a1 online resource ( 4 pages ) | ||
| 336 |
_atext _2rdacontent |
||
| 337 |
_acomputer _2rdamedia |
||
| 338 |
_aonline resource _2rdacarrier |
||
| 650 |
_aLivestock Feeding _914534 |
||
| 650 |
_aPalm Fats _914533 |
||
| 856 | _zRequest full-text at [email protected] | ||
| 942 | _2lcc | ||
| 942 | _cAR | ||
| 942 | _kJART 003352 | ||
| 999 |
_c11172 _d11172 |
||